| 000 | 00980nam a22002657a 4500 | ||
|---|---|---|---|
| 999 |
_c8076 _d8076 |
||
| 003 | AR-CdUCM | ||
| 008 | 190322b ||||| |||| 00| 0 spa d | ||
| 040 |
_aMUNICIPALIDAD PROVINCIAL DEL CUSCO _cBIBLIOTECA MUNICIPAL DEL CUSCO |
||
| 041 | _hfre | ||
| 082 |
_a634.9 / _bB77 |
||
| 100 |
_aBoulay, Henri _922803 |
||
| 245 | _aArboricultura y producción frutal / | ||
| 260 |
_aBarcelona : _bAedos, _c1965. |
||
| 300 |
_a101 páginas ; _c20 cm. |
||
| 440 |
_aAgropecuarios aedos. _n3 _922804 |
||
| 500 | _aTitulo original: Arboriculture et produccion fruitere. | ||
| 505 | _aLa fruta en la alimentación humana -- Historia y geografía de la producción fruticola -- Biología del árbol frutal -- Técnicas generales utilizadas en el cultivo frutal ... | ||
| 650 |
_aalimentación humana _922805 |
||
| 650 |
_aFruta _922806 |
||
| 650 |
_aProducción frutera _922807 |
||
| 700 |
_aOlivar, Jaime _922808 |
||
| 700 |
_aPeix, Jorge _922809 |
||
| 942 |
_2ddc _cLIBROS |
||
| 945 | _aacv | ||